Propuesta preliminar de reordenamiento ambiental del Centro turístico Xiloá
Presenta propuesta de desarrollo turístico incluyendo valores paisajísticos del territorio, calidad de la infraestructura turística y de servicio con criterio de sustentabilidad en laguna de Xiloa.
| Main Author: | |
|---|---|
| Other Authors: | |
| Format: | Tesis Section = Libro |
| Language: | Undetermined Spanish |
| Published: |
Managua
UNI
2013
|
| Subjects: |
| LEADER | 00991nam a2200241Ia 4500 | ||
|---|---|---|---|
| 008 | 240830s9999 xx 000 0 und d | ||
| 040 | |a BIBLIOTECA-RUSB/ T.Mon 333.72 S689 | ||
| 041 | |a spa | ||
| 082 | |a T.Mon 333.72 S689 | ||
| 100 | 1 | |a Solórzano Flores, Arlen Cristina | |
| 245 | 1 | 0 | |a Propuesta preliminar de reordenamiento ambiental del Centro turístico Xiloá |
| 260 | |a Managua |b UNI |c 2013 | ||
| 300 | |a 134 p. :il. | ||
| 502 | |a Tesis (Arquitecto) - UNI, 2013. | ||
| 520 | 3 | |a Presenta propuesta de desarrollo turístico incluyendo valores paisajísticos del territorio, calidad de la infraestructura turística y de servicio con criterio de sustentabilidad en laguna de Xiloa. | |
| 650 | 7 | |a ORDENAMIENTO TERRITORIAL | |
| 650 | 7 | |b PROTECCIÓN MEDIO AMBIENTE | |
| 650 | 7 | |c CONSERVACION RECURSOS NATURALES | |
| 650 | 7 | |d DESARROLLO TURÍSTICO - XILOA - MATEARE - MANAGUA | |
| 700 | 1 | |a Tutor: |b Gómez Ortega, Graciela Dionides | |
| 942 | |c BK |2 ddc | ||
| 991 | |a TESIS | ||
| 999 | |c 21716 | ||